| 000 | 00400nam a22001217a 4500 | ||
|---|---|---|---|
| 082 | _a220 PRO | ||
| 100 |
_aPC Dur E Mahwish NC Sana Aftab GC Abdul Aziz Hayat _970648 |
||
| 245 | _aPR-SOF-1842-Remote Monitoring System for PCs | ||
| 260 |
_aISLAMABAD _bNUST COLLEGE OF EME _c2019 |
||
| 650 |
_a DE-COMP-37 _970649 |
||
| 700 |
_aSUPERVISOR Brig Dr. Hassan Islam Brig Dr Shoab Ahmad _970650 |
||
| 942 | _cCR | ||
| 999 |
_c577583 _d577583 |
||